00375nam a2200121 a 4500008004100000050001500041110005700056245006500113260001800178300001200196350000900208650003600217100628s2003 xx |||||||||||||| || u aUN-ECA(02) aUnited Nations Economic Commission For Africa(UNECA)10aReport on the implementation of the Yamoussoukro declaration abUNECAc2003 ai, 18p. a0.00 aAERONAUTICS, COMMERCIAL--AFRICA